Musical Acts by State - Indiana - Statistics

General Stats
  • This quiz has been taken 100 times
  • The average score is 5 of 30
Answer Stats
City/Town Songs Answer % Correct
Gary Thriller | Billie Jean Michael Jackson
98%
Gary I Want You Back | ABC The Jackson 5
90%
Seymour Jack & Diane | Hurts So Good John Mellencamp
78%
Gary Let's Hear It For The Boy | It's Gonna Take A Miracle Deniece Williams
39%
Bloomington Just Like Paradise | California Girls David Lee Roth
32%
Indianapolis Tossin' And Turnin' | One Track Mind Bobby Lewis
17%
Union City Hang On Sloopy | Fever The McCoys
17%
Anderson The Boys Of Summer | San Dimas High School Football Rules The Ataris
16%
Bloomington Jingle Bell Rock | My Special Angel Bobby Helms
15%
Indianapolis Little Bitty Pretty One | Hey Baba Leba Thurston Harris
9%
Charlestown Touch Peel And Stand | Shelf In The Room Days of the New
7%
Gary Gang Signs | Something To Rap About Freddie Gibbs
7%
Bloomington Stardust | Heart And Soul Hoagy Carmichael
7%
Indianapolis Every Time I Close My Eyes | When Can I See You Babyface
6%
Brazil I Wish I Had A Girl | Hands On The Radio Henry Lee Summer
6%
Indianapolis Have A Little Faith In Me | Slow Turning John Hiatt
6%
Bloomington Witchoo | Is It Any Wonder? Durand Jones & The Indications
5%
New Albany Sedona | Darlin' Houndmouth
5%
Evansville Why Can't We Live Together | (Dying Inside) To Hold You Timmy Thomas
5%
South Bend Can't Rock My Dream Face | In The Kitchen Umphrey's McGee
4%
Indianapolis Red Clay | Little Sunflower Freddie Hubbard
2%
Lafayette Christ In Me | Dead Man Walking Jeremy Camp
2%
Indianapolis Redemption Freestyle | How? Mark Battles
2%
Richmond Awesome God | My Deliverer Rich Mullins
2%
Kokomo Nobody | I Never Quite Got Back (From Loving You) Sylvia
2%
Carmel Long Way Down | Chorus Of Angels Haste the Day
1%
Shelbyville Playlist | 90s Kids Kid Quill
1%
Fort Wayne This Time | Girl After Girl Troy Shondell
1%
Terre Haute How Does It Sound | You Heard Wrong Dylan Schneider
0%
South Bend Born Again | Farther Away Josh Garrels
0%
No matching quizzes found
Score Distribution
Percent of People with Each Score
Percentile by Number Answered
Your Score History
You have not taken this quiz